Abnormal Psychology and Modern Life(5th edn.) (Record no. 35557)

MARC details
000 -LEADER
fixed length control field 00428nam a2200157Ia 4500
008 - FIXED-LENGTH DATA ELEMENTS--GENERAL INFORMATION
fixed length control field 230524s9999 xx 000 0 und d
082 ## - DEWEY DECIMAL CLASSIFICATION NUMBER
Classification number 612
Item number COL
100 ## - MAIN ENTRY--AUTHOR NAME
Personal name James C.Coleman
245 #0 - TITLE STATEMENT
Title Abnormal Psychology and Modern Life(5th edn.)
250 ## - EDITION STATEMENT
Edition statement 5TH
260 ## - PUBLICATION, DISTRIBUTION, ETC. (IMPRINT)
Place of publication NEW DELHI
Name of publisher D.B.Taraporevala Sons & Co
Year of publication 1976
300 ## - PHYSICAL DESCRIPTION
Number of Pages VI;801
500 ## - GENERAL NOTE
General note Quantity Number: 1
650 ## - SUBJECT ADDED ENTRY--TOPICAL TERM
Topical Term Miscellaneous
942 ## - ADDED ENTRY ELEMENTS (KOHA)
Koha item type Books
Holdings
Lost status Damaged status Permanent Location Current Location Shelving location Date acquired Full call number Accession Number Koha item type
    Central Library, Trident Academy of Technology Central Library, Trident Academy of Technology General Stacks 05/24/2023 612 COL 13335 Books
Trident Academy of Technology © 2023.
All rights reserved.                                                                                                                                                                                                        Designed by Team of Central Library .

Powered by Koha